[Event "14th Africa-ch"]
[Site "Livingstone ZAM"]
[Date "2018.05.13"]
[Round "1.1"]
[White "Simutowe, Musatwe"]
[Black "Amin, Bassem"]
[Result "0-1"]
[WhiteElo "2201"]
[BlackElo "2667"]
[EventDate "2018.05.13"]
[PlyCount "80"]

1.d4 Nf6 2.Nf3 c5 3.c4 cxd4 4.Nxd4 e5 5.Nb5 d5 6.cxd5 Bc5 7.e3 O-O 8.Be2 
Nxd5 9.O-O Nc6 10.N1c3 Nf6 11.Bf3 Be6 12.Na3 Qe7 13.Qe2 Rac8 14.Rd1 Nb4 
15.Bd2 a6 16.Be1 b5 17.Rd2 Bf5 18.e4 Be6 19.Nc2 Bc4 20.Qd1 Nxc2 21.Qxc2 b4
22.Na4 Ba7 23.Qd1 Rfd8 24.b3 Bb5 25.Rc1 Bd4 26.Rxc8 Rxc8 27.Rc2 Rd8 28.Qc1
a5 29.Rc7 Qd6 30.h3 h6 31.h4 Ne8 32.Rc8 Rxc8 33.Qxc8 Qc7 34.Qxc7 Nxc7 35.
g3 Bd3 36.Bd2 Bb1 37.Kf1 Bxa2 38.Bd1 Bb1 39.f3 Nb5 40.Ke2 Nc3+ 0-1

[Event "14th Africa-ch"]
[Site "Livingstone ZAM"]
[Date "2018.05.13"]
[Round "1.3"]
[White "Khetho, Phemelo"]
[Black "El-Gindy, Essam"]
[Result "0-1"]
[WhiteElo "2153"]
[BlackElo "2453"]
[EventDate "2018.05.13"]
[PlyCount "72"]

1.d4 Nf6 2.e3 g6 3.f4 Bg7 4.Nf3 O-O 5.Bd3 d5 6.Nbd2 c5 7.c3 Nc6 8.O-O Bf5 
9.Bxf5 gxf5 10.dxc5 e6 11.Nd4 a5 12.Qb3 Qe7 13.Qb5 a4 14.Rb1 Rfc8 15.b4 
axb3 16.axb3 Na7 17.Qe2 Qxc5 18.Bb2 Nc6 19.Ra1 Nxd4 20.exd4 Qc7 21.g3 Qb6 
22.Ba3 Rxc3 23.Bc5 Qd8 24.Qb5 Qc8 25.b4 h5 26.Ra5 Rxa5 27.bxa5 Nd7 28.Ba7 
Nf6 29.Bc5 Ne4 30.Nxe4 dxe4 31.Rd1 e3 32.Qb4 Rc2 33.Qa4 Re2 34.Qb5 Ra2 35.
Re1 Rd2 36.Qb6 Qd7 0-1

[Event "14th Africa-ch"]
[Site "Livingstone ZAM"]
[Date "2018.05.13"]
[Round "1.6"]
[White "Kayonde, Andrew"]
[Black "Dimba, James"]
[Result "1-0"]
[WhiteElo "2394"]
[BlackElo "2044"]
[EventDate "2018.05.13"]
[PlyCount "104"]

1.d4 Nf6 2.c4 c5 3.d5 b5 4.cxb5 a6 5.bxa6 Bxa6 6.g3 d6 7.Bg2 g6 8.b3 Bg7 
9.Bb2 Nbd7 10.Nh3 O-O 11.O-O Qb6 12.Bc3 Ng4 13.Qd2 Rfb8 14.Bxg7 Kxg7 15.
Na3 Qb4 16.Qb2+ Ndf6 17.Nc2 Qd2 18.Rfd1 Qh6 19.Re1 Ne5 20.Qc3 Kg8 21.Nf4 
g5 22.Nd3 Bxd3 23.exd3 Nfg4 24.h3 Qf6 25.Qd2 Nh6 26.d4 cxd4 27.Nxd4 Re8 
28.Nc6 Nf5 29.Nxe5 dxe5 30.Qe2 Nd4 31.Qxe5 Qxe5 32.Rxe5 Nxb3 33.Rxg5+ Kf8 
34.Rb1 Nd2 35.Rb2 Nc4 36.Rb4 Rec8 37.d6 Ra7 38.Bb7 Rd8 39.dxe7+ Kxe7 40.
Rxc4 Rxb7 41.Rh5 Rb1+ 42.Kg2 Rh8 43.Rc7+ Kf6 44.Rh4 Kg6 45.Rg4+ Kf6 46.
Rf4+ Kg6 47.Rcxf7 Rb6 48.a4 Ra8 49.Rc7 h5 50.Rc5 Rba6 51.Rh4 Kg7 52.Rhxh5 
Rxa4 1-0

[Event "14th Africa-ch"]
[Site "Livingstone ZAM"]
[Date "2018.05.13"]
[Round "1.7"]
[White "Eichab, Charles"]
[Black "Oussedik, Mahfoud"]
[Result "1/2-1/2"]
[WhiteElo "2029"]
[BlackElo "2327"]
[EventDate "2018.05.13"]
[PlyCount "65"]

1.b3 e5 2.Bb2 Nc6 3.e3 d6 4.Nf3 Nf6 5.d4 e4 6.d5 Nb4 7.Ng5 h6 8.a3 Bg4 9.
Qd2 Na6 10.Bb5+ Bd7 11.Bxd7+ Qxd7 12.Nh3 Qf5 13.Nc3 g5 14.O-O-O Bg7 15.Ne2
Nc5 16.Ng3 Qg6 17.Qe2 a5 18.Ng1 h5 19.h4 g4 20.Qc4 Nfd7 21.Bxg7 Qxg7 22.
Qd4 Qe5 23.N1e2 Nb6 24.Nf4 O-O-O 25.Kb1 Rh6 26.Rd2 f6 27.Ka2 Kb8 28.Rb1 
Re8 29.Kb2 a4 30.Kc3 axb3 31.cxb3 Rc8 32.Kc2 c6 33.Kd1 1/2-1/2

[Event "14th Africa-ch"]
[Site "Livingstone ZAM"]
[Date "2018.05.13"]
[Round "1.8"]
[White "Chitumbo, Mwali"]
[Black "Beukes, Dante M."]
[Result "1-0"]
[WhiteElo "2322"]
[BlackElo "1979"]
[EventDate "2018.05.13"]
[PlyCount "91"]

1.c4 Nf6 2.g3 g6 3.Bg2 Bg7 4.Nc3 O-O 5.e4 d6 6.Nge2 c5 7.O-O Nc6 8.d3 a6 
9.h3 Rb8 10.a4 Ne8 11.Be3 Nd4 12.Rb1 Bd7 13.b4 b6 14.f4 Nc7 15.Bf2 Qe8 16.
b5 axb5 17.axb5 Ra8 18.Nxd4 cxd4 19.Ne2 e5 20.Be1 f6 21.f5 Qe7 22.h4 Ra2 
23.Nc1 Ra7 24.Bd2 Rfa8 25.Qc2 Rc8 26.Qb3 Be8 27.Na2 Nxb5 28.Nb4 Nc7 29.c5+
Bf7 30.Qb2 Ne8 31.fxg6 hxg6 32.cxb6 Rb7 33.Nd5 Bxd5 34.exd5 Rcb8 35.Ba5 f5
36.Qd2 Nf6 37.Rbc1 Ng4 38.Rc7 Rxc7 39.bxc7 Rc8 40.Qb2 Nf6 41.Qb7 Qe8 42.
Rb1 Nd7 43.Qc6 Bf8 44.h5 Kg7 45.hxg6 Kxg6 46.Bh3 1-0

[Event "14th Africa-ch"]
[Site "Livingstone ZAM"]
[Date "2018.05.13"]
[Round "1.9"]
[White "Kandangwe, Joster"]
[Black "Phiri, Richmond"]
[Result "1-0"]
[WhiteElo "1925"]
[BlackElo "2317"]
[EventDate "2018.05.13"]
[PlyCount "99"]

1.d4 Nf6 2.Nf3 e6 3.g3 b6 4.Bg2 Bb7 5.O-O Be7 6.c4 O-O 7.Nbd2 c5 8.dxc5 
bxc5 9.Qc2 d6 10.b3 Nc6 11.Bb2 Qb6 12.e3 Rfd8 13.Rac1 a5 14.Rfd1 h6 15.h3 
a4 16.g4 axb3 17.axb3 Nb4 18.Qb1 Ra2 19.Bc3 Rda8 20.g5 hxg5 21.Nxg5 Bxg2 
22.Kxg2 Qb7+ 23.Kg1 e5 24.f4 Nc6 25.Ndf3 R8a3 26.fxe5 Nxe5 27.Bxe5 dxe5 
28.Qf5 Rxb3 29.Qxe5 Qb8 30.Qxb8+ Rxb8 31.Rd2 Rxd2 32.Nxd2 Rb2 33.Ngf3 Nh5 
34.Kf2 Bf6 35.Rb1 Rc2 36.Rb8+ Kh7 37.Rc8 Bc3 38.Ke2 Bb4 39.Kd3 Rc3+ 40.Ke4
Nf6+ 41.Kf5 Kh6 42.Rh8+ Nh7 43.Ng5 g6+ 44.Kf4 Kg7 45.Rxh7+ Kg8 46.Rxf7 Rc1
47.Rd7 Bxd2 48.Rxd2 Rxc4+ 49.Ke5 Ra4 50.e4 1-0

[Event "14th Africa-ch"]
[Site "Livingstone ZAM"]
[Date "2018.05.13"]
[Round "1.10"]
[White "Chumfwa, Kelvin"]
[Black "Chiona, Richard"]
[Result "1-0"]
[WhiteElo "2279"]
[BlackElo "1900"]
[EventDate "2018.05.13"]
[PlyCount "86"]

1.d4 g6 2.Nf3 Bg7 3.g3 d5 4.Bg2 Nf6 5.c4 c6 6.cxd5 Nxd5 7.e4 Nf6 8.Nc3 O-O
9.O-O Bg4 10.h3 Bxf3 11.Bxf3 a5 12.Be3 Nbd7 13.Bg2 Nb6 14.Qb3 Ra6 15.Rfd1 
a4 16.Qb4 Qd6 17.Qxd6 exd6 18.Bf1 Raa8 19.d5 c5 20.e5 Nfd7 21.exd6 a3 22.
Bc1 Ne5 23.Rb1 axb2 24.Bxb2 Nbc4 25.Bc1 Nxd6 26.Nb5 Nf5 27.a3 Nf3+ 28.Kg2 
N3d4 29.Nxd4 Bxd4 30.Rxb7 Rfd8 31.Bg5 Re8 32.g4 Nd6 33.Rd7 Ne4 34.Bc1 Bxf2
35.d6 Rad8 36.Re7 Bh4 37.Rxe8+ Rxe8 38.d7 Rd8 39.Bf4 Kg7 40.Bc7 Ra8 41.
d8=Q Bxd8 42.Bxd8 Rxa3 43.Bc4 Ra7 1-0

[Event "14th Africa-ch"]
[Site "Livingstone ZAM"]
[Date "2018.05.13"]
[Round "1.11"]
[White "Nshikokola, Mutailenu"]
[Black "Bwalya, Gillan"]
[Result "0-1"]
[WhiteElo "1896"]
[BlackElo "2271"]
[EventDate "2018.05.13"]
[PlyCount "56"]

1.d4 Nf6 2.Nf3 e6 3.Bf4 b6 4.e3 Bb7 5.Nbd2 d6 6.Bd3 Be7 7.h3 Nbd7 8.O-O 
O-O 9.e4 c5 10.c3 cxd4 11.cxd4 e5 12.dxe5 Nxe5 13.Bxe5 dxe5 14.Nc4 Nxe4 
15.Ncxe5 Bf6 16.Re1 Nc5 17.Re3 g6 18.Rb1 Bg7 19.Be2 Qf6 20.b4 Rad8 21.Qc2 
Ne6 22.Rd1 Qf4 23.Qb3 Rxd1+ 24.Bxd1 Rd8 25.Re1 Bd5 26.Qa4 Bf8 27.Qxa7 Qxb4
28.Qc7 Nxc7 0-1

[Event "14th Africa-ch"]
[Site "Livingstone ZAM"]
[Date "2018.05.13"]
[Round "1.14"]
[White "Domingos, Catarino"]
[Black "Kolomwe, William"]
[Result "1-0"]
[WhiteElo "2281"]
[BlackElo "1538"]
[EventDate "2018.05.13"]
[PlyCount "69"]

1.e4 e6 2.Qe2 c5 3.g3 Nc6 4.c3 Nf6 5.Bg2 d5 6.exd5 Nxd5 7.Nf3 Be7 8.O-O 
O-O 9.d3 h6 10.Na3 Rb8 11.Nc4 Bf6 12.Nfe5 Nce7 13.Ng4 Ng6 14.Nxf6+ Nxf6 
15.Ne5 Ne7 16.Rd1 b6 17.d4 Qc7 18.c4 cxd4 19.Bf4 g5 20.Ng4 gxf4 21.Nxf6+ 
Kh8 22.Rxd4 e5 23.Re4 Ng6 24.Nd5 Qd6 25.Rd1 fxg3 26.hxg3 Rg8 27.Qh5 Kg7 
28.Re3 f5 29.Nf4 Nxf4 30.gxf4 Qf8 31.Rg3+ Kh7 32.Rxg8 Qxg8 33.Rd6 Qg7 34.
fxe5 Bb7 35.Qxf5+ 1-0

[Event "14th Africa-ch"]
[Site "Livingstone ZAM"]
[Date "2018.05.13"]
[Round "1.15"]
[White "Pillay, Ragul"]
[Black "Paiva, Donaldo"]
[Result "0-1"]
[WhiteElo "1366"]
[BlackElo "2225"]
[EventDate "2018.05.13"]
[PlyCount "62"]

1.d4 Nf6 2.c4 e6 3.Nc3 Bb4 4.Qb3 c5 5.dxc5 Na6 6.a3 Bxc3+ 7.Qxc3 Nxc5 8.f3
d6 9.Bg5 e5 10.Rd1 O-O 11.b4 Ne6 12.Bxf6 Qxf6 13.Rxd6 b6 14.c5 Ba6 15.g3 
Rfd8 16.Bh3 Rxd6 17.cxd6 Nd4 18.d7 h5 19.a4 Rd8 20.b5 Bb7 21.Qc7 Ba8 22.e3
Ne6 23.Qxa7 e4 24.f4 Qa1+ 25.Kf2 Nc5 26.Bf1 Nd3+ 27.Bxd3 exd3 28.Qxb6 Qb2+
29.Ke1 Qc1+ 30.Kf2 Qd2+ 31.Kf1 Bg2# 0-1

[Event "14th Africa-ch"]
[Site "Livingstone ZAM"]
[Date "2018.05.14"]
[Round "2.1"]
[White "Amin, Bassem"]
[Black "Domingos, Catarino"]
[Result "1-0"]
[WhiteElo "2667"]
[BlackElo "2281"]
[EventDate "2018.05.13"]
[PlyCount "101"]

1.Nf3 d5 2.g3 Nf6 3.Bg2 Nc6 4.d4 Bf5 5.O-O e6 6.Nbd2 h6 7.c4 Nb4 8.a3 Bc2 
9.Qe1 Nc6 10.b4 Be7 11.Bb2 O-O 12.Rc1 Bh7 13.Ne5 Nb8 14.e4 c6 15.exd5 exd5
16.Qe3 Nbd7 17.Rfe1 Re8 18.Qb3 a6 19.cxd5 cxd5 20.Bh3 Nb6 21.a4 Nc8 22.Nf1
Bd6 23.Ne3 Ne7 24.Bg2 Qb6 25.Bc3 Rad8 26.a5 Qa7 27.b5 axb5 28.Qxb5 Ne4 29.
Bb2 Qa6 30.Bf1 Qa7 31.Rcd1 Bc7 32.Ra1 Nd2 33.Bg2 Qa6 34.Qb4 Ne4 35.Bf1 Qd6
36.Qa4 f6 37.Bb5 fxe5 38.Bxe8 Qf6 39.Ng4 Qf5 40.Rxe4 dxe4 41.Qc4+ Kh8 42.
Qxc7 Rxe8 43.Ne3 Qf3 44.Qxe5 Rf8 45.Rf1 Nf5 46.d5 Rf7 47.Nxf5 Qxf5 48.d6 
Qxe5 49.Bxe5 Bf5 50.f4 exf3 51.Rxf3 1-0

[Event "14th Africa-ch"]
[Site "Livingstone ZAM"]
[Date "2018.05.14"]
[Round "2.2"]
[White "Bwalya, Gillan"]
[Black "Adly, Ahmed"]
[Result "0-1"]
[WhiteElo "2271"]
[BlackElo "2633"]
[EventDate "2018.05.13"]
[PlyCount "113"]

1.e4 c5 2.Nf3 Nf6 3.Nc3 Nc6 4.d4 cxd4 5.Nxd4 d6 6.Be2 Bd7 7.Be3 g6 8.O-O 
Bg7 9.f4 O-O 10.Nb3 Na5 11.Qd2 Bc6 12.Nxa5 Qxa5 13.Bf3 Rfc8 14.a3 Nd7 15.
Bd4 Bxd4+ 16.Qxd4 Qb6 17.Rfd1 Rc7 18.Be2 Nc5 19.Kh1 Re8 20.Bf3 e5 21.fxe5 
dxe5 22.Qb4 Ne6 23.Nd5 Bxd5 24.exd5 Nd4 25.c3 Nf5 26.Be2 Nd6 27.c4 Ne4 28.
Qxb6 axb6 29.Kg1 Nd6 30.b3 f5 31.a4 Ra8 32.Rdc1 Kf8 33.Re1 Ke7 34.Bd3 e4 
35.Be2 Kf6 36.Ra2 Ke5 37.Kf2 f4 38.Rea1 e3+ 39.Ke1 g5 40.a5 Rxa5 41.Rxa5 
bxa5 42.Rxa5 b5 43.Kd1 bxc4 44.bxc4 Kd4 45.Ra6 Ke5 46.Ra4 h5 47.h3 Ne4 48.
Kc2 Ng3 49.Bf3 Rg7 50.Kd3 g4 51.hxg4 hxg4 52.Ra6 gxf3 53.Re6+ Kf5 54.gxf3 
Rd7 55.Re8 Kf6 56.Ra8 e2 57.Ra1 0-1

[Event "14th Africa-ch"]
[Site "Livingstone ZAM"]
[Date "2018.05.14"]
[Round "2.3"]
[White "El-Gindy, Essam"]
[Black "Chumfwa, Kelvin"]
[Result "1-0"]
[WhiteElo "2453"]
[BlackElo "2279"]
[EventDate "2018.05.13"]
[PlyCount "67"]

1.d4 Nf6 2.c4 e6 3.Nf3 b6 4.e3 Bb7 5.Bd3 Bb4+ 6.Nbd2 O-O 7.O-O d5 8.cxd5 
exd5 9.Qc2 Bd6 10.b3 Nbd7 11.Bb2 Re8 12.Rac1 Ne4 13.Bb5 Re6 14.Nxe4 dxe4 
15.Ne5 Nxe5 16.dxe5 Bxe5 17.Bxe5 Rxe5 18.Qxc7 Re7 19.Qxd8+ Rxd8 20.Rfd1 
Rxd1+ 21.Rxd1 g6 22.h4 Kg7 23.Rd6 Bc8 24.Kh2 Rc7 25.Kg3 Rc5 26.Bc4 b5 27.
Rd5 Rxd5 28.Bxd5 f5 29.Kf4 Kf6 30.g4 fxg4 31.b4 Bd7 32.a3 h6 33.Bxe4 h5 
34.Bd5 1-0

[Event "14th Africa-ch"]
[Site "Livingstone ZAM"]
[Date "2018.05.14"]
[Round "2.5"]
[White "Mabusela, Johannes Manyesi"]
[Black "Kayonde, Andrew"]
[Result "1/2-1/2"]
[WhiteElo "2260"]
[BlackElo "2394"]
[EventDate "2018.05.13"]
[PlyCount "153"]

1.d4 Nf6 2.c4 c5 3.d5 b5 4.cxb5 a6 5.f3 axb5 6.e4 Qa5+ 7.Bd2 b4 8.Na3 d6 
9.Nc4 Qd8 10.a3 e6 11.dxe6 Bxe6 12.Ne3 d5 13.Bb5+ Bd7 14.Bxd7+ Nbxd7 15.
exd5 Be7 16.Ne2 O-O 17.O-O Nb6 18.Nf5 Nfxd5 19.axb4 Rxa1 20.Qxa1 cxb4 21.
Rd1 Bc5+ 22.Kh1 Qf6 23.Nfg3 Be3 24.Bxe3 Nxe3 25.Rc1 h6 26.b3 Qxa1 27.Rxa1 
Rd8 28.Kg1 Rd3 29.Rb1 Nbd5 30.Nf1 Nxf1 31.Kxf1 Rd2 32.Rc1 Rb2 33.Rc5 Ne3+ 
34.Kf2 Rxb3 35.h4 Nd1+ 36.Kg3 g6 37.Rb5 Rb2 38.Nf4 b3 39.Nd3 Rb1 40.Kf4 b2
41.Rb6 Kf8 42.g4 Ke7 43.Kg3 Kd7 44.Kf4 Kd8 45.Ke5 Kc7 46.Rf6 Ra1 47.Rxf7+ 
Kd8 48.Nxb2 Nxb2 49.Rh7 Nd3+ 50.Kd4 Rd1 51.Rxh6 Ke7 52.Rh7+ Kf6 53.Ra7 
Ne5+ 54.Ke4 Re1+ 55.Kf4 Nd3+ 56.Kg3 Nc5 57.Ra5 Ne6 58.Ra3 Rg1+ 59.Kh2 Rb1 
60.Kg3 Rb4 61.Ra6 Rb3 62.Ra5 Rd3 63.Ra6 Rc3 64.Ra4 Nc5 65.Ra2 Rd3 66.Re2 
Ne6 67.Kf2 Nf4 68.Ra2 Ne6 69.Ra6 Ke5 70.Ra5+ Kf4 71.h5 Rxf3+ 72.Kg2 Kxg4 
73.hxg6 Nf4+ 74.Kg1 Nxg6 75.Ra8 Rf6 76.Rg8 Kh3 77.Rg7 1/2-1/2

[Event "14th Africa-ch"]
[Site "Livingstone ZAM"]
[Date "2018.05.14"]
[Round "2.6"]
[White "Paiva, Donaldo"]
[Black "Chitumbo, Mwali"]
[Result "1-0"]
[WhiteElo "2225"]
[BlackElo "2322"]
[EventDate "2018.05.13"]
[PlyCount "59"]

1.d4 Nf6 2.c4 e6 3.Nc3 Bb4 4.Qc2 O-O 5.Nf3 b6 6.g3 Bb7 7.Bg2 d6 8.O-O Bxc3
9.Qxc3 a5 10.b3 Nbd7 11.Rd1 Be4 12.Bb2 c6 13.a4 Qb8 14.Bf1 h6 15.Nd2 Bg6 
16.Bg2 d5 17.Re1 Re8 18.e4 dxe4 19.Nxe4 Nxe4 20.Bxe4 Bxe4 21.Rxe4 Qd6 22.
Rae1 Qf8 23.Qf3 c5 24.dxc5 Qxc5 25.Rg4 e5 26.Bc1 Kf8 27.Qf5 Nf6 28.Rxg7 
Kxg7 29.Bxh6+ Kxh6 30.Qxf6+ 1-0

[Event "14th Africa-ch"]
[Site "Livingstone ZAM"]
[Date "2018.05.14"]
[Round "2.7"]
[White "Hesham, Abdelrahman"]
[Black "Kandangwe, Joster"]
[Result "1-0"]
[WhiteElo "2413"]
[BlackElo "1925"]
[EventDate "2018.05.13"]
[PlyCount "55"]

1.d4 Nf6 2.c4 e6 3.Nf3 b6 4.g3 Bb7 5.Bg2 Be7 6.O-O O-O 7.d5 exd5 8.Nh4 Ne4
9.cxd5 Bxh4 10.Bxe4 Bf6 11.Qc2 g6 12.h4 Na6 13.Nc3 Nc5 14.Bf3 a5 15.h5 d6 
16.Kg2 Bc8 17.hxg6 hxg6 18.Rh1 Bf5 19.e4 Bc8 20.Be3 Nd7 21.Be2 Ba6 22.Bxa6
Rxa6 23.Rh3 Re8 24.Rah1 Qe7 25.Qd3 Raa8 26.Bd4 Nc5 27.Rh8+ Bxh8 28.Rxh8# 
1-0

[Event "14th Africa-ch"]
[Site "Livingstone ZAM"]
[Date "2018.05.14"]
[Round "2.8"]
[White "Oussedik, Mahfoud"]
[Black "Zhemba, Jemusse"]
[Result "1-0"]
[WhiteElo "2327"]
[BlackElo "2123"]
[EventDate "2018.05.13"]
[PlyCount "120"]

1.d4 Nf6 2.Nf3 c5 3.d5 b5 4.c4 bxc4 5.Nc3 g6 6.e4 d6 7.Nd2 Bg7 8.Bxc4 O-O 
9.O-O Nbd7 10.f4 Nb6 11.Be2 e6 12.dxe6 fxe6 13.a4 d5 14.e5 Ne8 15.a5 Nd7 
16.Bg4 Qe7 17.Nf3 Rb8 18.h4 Bh6 19.g3 Ng7 20.Kg2 Nf5 21.Qe2 Bb7 22.Kh3 d4 
23.Ne4 c4 24.Bxf5 gxf5 25.Nd6 d3 26.Qf2 Bd5 27.Nh2 Nf6 28.Rg1 Ne4 29.Nxe4 
Bxe4 30.Be3 Rf7 31.g4 Kh8 32.g5 Bf8 33.Nf1 Qb7 34.Bd4 Bf3 35.Kg3 Bh5 36.
Nd2 Rd7 37.Ra4 Bb4 38.Bc3 Bxc3 39.bxc3 Qd5 40.Rxc4 Qxa5 41.Rb1 Rxb1 42.
Nxb1 Qb5 43.Nd2 a5 44.Rd4 a4 45.Rxd7 Qxd7 46.Qc5 Kg7 47.Kf2 Be8 48.Ke3 Kf7
49.h5 Kg7 50.h6+ Kg6 51.c4 Kh5 52.Qa3 Kg4 53.Qc1 Qa7+ 54.c5 Kh5 55.Nb1 Bc6
56.Na3 Qa5 57.Kxd3 Qb4 58.Ke2 Qd4 59.Qe3 Qb4 60.Kd1 Kg4 1-0

[Event "14th Africa-ch"]
[Site "Livingstone ZAM"]
[Date "2018.05.14"]
[Round "2.9"]
[White "Phiri, Richmond"]
[Black "Eichab, Charles"]
[Result "1-0"]
[WhiteElo "2317"]
[BlackElo "2029"]
[EventDate "2018.05.13"]
[PlyCount "53"]

1.d4 f5 2.Nf3 Nf6 3.g3 e6 4.Bg2 Be7 5.O-O O-O 6.c4 d6 7.Nc3 Ne4 8.Qc2 Nxc3
9.Qxc3 a5 10.Qc2 Nc6 11.a3 e5 12.d5 Nb8 13.b3 Qe8 14.Bb2 Qh5 15.c5 Na6 16.
cxd6 cxd6 17.Rfd1 e4 18.Nd4 Bd7 19.Rac1 Nc5 20.Qb1 Rf6 21.b4 Rh6 22.bxc5 
Qxh2+ 23.Kf1 dxc5 24.Ne6 e3 25.Qd3 exf2 26.Kxf2 Bh4 27.Rh1 1-0

[Event "14th Africa-ch"]
[Site "Livingstone ZAM"]
[Date "2018.05.14"]
[Round "2.10"]
[White "Chiona, Richard"]
[Black "Aderito, Pedro"]
[Result "1-0"]
[WhiteElo "1900"]
[BlackElo "2305"]
[EventDate "2018.05.13"]
[PlyCount "91"]

1.d4 Nf6 2.e3 g6 3.Bd3 Bg7 4.Nf3 O-O 5.O-O c5 6.c3 Qc7 7.Nbd2 d6 8.b4 Nbd7
9.bxc5 dxc5 10.Ba3 b6 11.Rb1 Bb7 12.Qe2 e5 13.e4 Nh5 14.g3 Rfe8 15.d5 Nhf6
16.Bc4 Re7 17.Ba6 Bxa6 18.Qxa6 Ne8 19.Nc4 Qd8 20.Rfd1 h6 21.Kg2 Kh7 22.h4 
Nef6 23.Re1 Nh5 24.Rbd1 f5 25.Ncd2 Rf7 26.Qe2 Qe7 27.c4 Raf8 28.Bb2 f4 29.
Rh1 fxg3 30.fxg3 Rf4 31.Rh3 Rg4 32.Kh2 Nhf6 33.Rf1 h5 34.Qd3 Bh6 35.Re1 
Ne8 36.Rf1 Nd6 37.Kg2 Bxd2 38.Nxd2 Rxf1 39.Kxf1 Nf6 40.Nf3 Nfxe4 41.Bxe5 
Qf7 42.Kg2 Qf5 43.Qe2 Nxc4 44.Qxc4 Ng5 45.Bf4 Nxh3 46.d6 1-0

[Event "14th Africa-ch"]
[Site "Livingstone ZAM"]
[Date "2018.05.14"]
[Round "2.11"]
[White "Hoareau, Benjamin"]
[Black "Simutowe, Musatwe"]
[Result "0-1"]
[WhiteElo "1805"]
[BlackElo "2201"]
[EventDate "2018.05.13"]
[PlyCount "82"]

1.Nf3 Nf6 2.c4 e6 3.d4 d5 4.Bg5 Be7 5.Nc3 O-O 6.e3 b6 7.Bxf6 Bxf6 8.cxd5 
exd5 9.Qb3 Bb7 10.Bd3 c6 11.O-O Nd7 12.Qc2 h6 13.b4 a5 14.a3 Re8 15.Rfb1 
Qe7 16.Bf5 axb4 17.axb4 Nf8 18.Na4 Qd8 19.Ra2 g6 20.Bh3 Re7 21.b5 cxb5 22.
Rxb5 Rc7 23.Qb2 Bc6 24.Rb4 Be7 25.g3 Bxb4 26.Qxb4 Rca7 27.Nxb6 Rxa2 28.
Nxa8 Qxa8 29.Ne5 Qe8 30.Bf1 Qe6 31.Qb3 Ra1 32.Qc3 Rxf1+ 33.Kxf1 Bb5+ 34.
Kg2 f6 35.Nf3 Qe4 36.Qb2 Bd7 37.h3 g5 38.Qb6 Bxh3+ 39.Kxh3 Qxf3 40.Qd8 
Qh1+ 41.Kg4 h5+ 0-1

[Event "14th Africa-ch"]
[Site "Livingstone ZAM"]
[Date "2018.05.14"]
[Round "2.12"]
[White "Oatlhotse, Providence"]
[Black "Nshikokola, Mutailenu"]
[Result "1-0"]
[WhiteElo "2196"]
[BlackElo "1896"]
[EventDate "2018.05.13"]
[PlyCount "41"]

1.c4 c6 2.g3 d5 3.Nf3 Nf6 4.Bg2 Bf5 5.Qb3 Qc7 6.cxd5 cxd5 7.Nc3 e6 8.d3 a6
9.Bf4 Qc8 10.Na4 Nfd7 11.Rc1 Nc6 12.O-O Be7 13.Ne5 Bd8 14.e4 dxe4 15.dxe4 
Bg6 16.Nxd7 Qxd7 17.Nc5 Qe7 18.Nxb7 Nd4 19.Qa4+ Qd7 20.Nd6+ Ke7 21.Qxd4 
1-0

[Event "14th Africa-ch"]
[Site "Livingstone ZAM"]
[Date "2018.05.14"]
[Round "2.13"]
[White "Kolomwe, William"]
[Black "Khetho, Phemelo"]
[Result "0-1"]
[WhiteElo "1538"]
[BlackElo "2153"]
[EventDate "2018.05.13"]
[PlyCount "60"]

1.e4 c5 2.Nf3 e6 3.c3 d5 4.e5 d4 5.cxd4 cxd4 6.Qa4+ Nc6 7.Bb5 Bd7 8.O-O 
Bc5 9.d3 a6 10.Bxc6 Bxc6 11.Qd1 Ne7 12.Bg5 h6 13.Bh4 g5 14.Bg3 Nf5 15.Nbd2
Be7 16.Ne1 h5 17.f3 Ne3 18.Qe2 Nxf1 19.Kxf1 Qd5 20.Nc2 h4 21.Bf2 g4 22.
Bxd4 h3 23.Ne4 hxg2+ 24.Kxg2 gxf3+ 25.Qxf3 Ba4 26.b3 Rc8 27.Bc3 Rxc3 28.
Nxc3 Rxh2+ 29.Kxh2 Qxf3 30.Nxa4 Qf2+ 0-1

[Event "14th Africa-ch"]
[Site "Livingstone ZAM"]
[Date "2018.05.14"]
[Round "2.15"]
[White "Beukes, Dante M."]
[Black "Pillay, Ragul"]
[Result "1-0"]
[WhiteElo "1979"]
[BlackElo "1366"]
[EventDate "2018.05.13"]
[PlyCount "31"]

1.e4 e5 2.Nf3 Nc6 3.Bc4 Bc5 4.O-O Nf6 5.d3 O-O 6.h3 h6 7.Re1 Qe7 8.Nh4 d6 
9.Ng6 Qd7 10.Nxf8 Kxf8 11.c3 d5 12.exd5 Nxd5 13.Qf3 Nf6 14.Bxh6 e4 15.Qxf6
gxh6 16.Rxe4 1-0

[Event "14th Africa-ch"]
[Site "Livingstone ZAM"]
[Date "2018.05.14"]
[Round "3.1"]
[White "El-Gindy, Essam"]
[Black "Amin, Bassem"]
[Result "0-1"]
[WhiteElo "2453"]
[BlackElo "2667"]
[EventDate "2018.05.13"]
[PlyCount "70"]

1.d4 Nf6 2.c4 g6 3.Nc3 Bg7 4.e4 d6 5.f4 c5 6.d5 O-O 7.Nf3 e6 8.Be2 exd5 9.
cxd5 Nbd7 10.O-O Re8 11.Nd2 c4 12.e5 dxe5 13.Nxc4 Nb6 14.Nxe5 Nbxd5 15.Qb3
Be6 16.Nxd5 Bxd5 17.Bc4 Bxc4 18.Qxc4 Qd5 19.Qb3 Rad8 20.Be3 a6 21.Rad1 
Qxb3 22.axb3 Nd5 23.Bd2 Bxe5 24.fxe5 Rxe5 25.Rc1 Re2 26.Bh6 f6 27.Rfd1 Kf7
28.Rd2 Rxd2 29.Bxd2 Rd6 30.Rc8 Rb6 31.b4 h5 32.Rc4 Rc6 33.Rd4 Ke6 34.Rd3 
Rc2 35.b3 Ke5 0-1

[Event "14th Africa-ch"]
[Site "Livingstone ZAM"]
[Date "2018.05.14"]
[Round "3.2"]
[White "Adly, Ahmed"]
[Black "Fawzy, Adham"]
[Result "1-0"]
[WhiteElo "2633"]
[BlackElo "2438"]
[EventDate "2018.05.13"]
[PlyCount "63"]

1.Nf3 Nf6 2.c4 e6 3.g3 d5 4.Bg2 Be7 5.d4 c6 6.O-O O-O 7.Qc2 b6 8.Rd1 Bb7 
9.Nc3 Na6 10.Ne5 Rc8 11.e4 Nb4 12.Qb1 a5 13.a3 Na6 14.Bf4 dxc4 15.Nxc4 b5 
16.Ne5 Qb6 17.Be3 Qc7 18.Nd3 Rcd8 19.h3 b4 20.Na4 c5 21.Naxc5 Bxc5 22.Nxc5
Nxc5 23.dxc5 Rxd1+ 24.Qxd1 bxa3 25.Rxa3 Bxe4 26.Qd6 Qb7 27.c6 Qxb2 28.Rxa5
Qb1+ 29.Kh2 Rc8 30.Bxe4 Nxe4 31.Qd7 Qb8 32.c7 1-0

[Event "14th Africa-ch"]
[Site "Livingstone ZAM"]
[Date "2018.05.14"]
[Round "3.3"]
[White "Kayonde, Andrew"]
[Black "Paiva, Donaldo"]
[Result "1/2-1/2"]
[WhiteElo "2394"]
[BlackElo "2225"]
[EventDate "2018.05.13"]
[PlyCount "62"]

1.d4 Nf6 2.c4 e6 3.Nc3 Bb4 4.e3 O-O 5.Ne2 d5 6.a3 Be7 7.cxd5 exd5 8.Nf4 c6
9.Bd3 Re8 10.O-O Nbd7 11.f3 Nf8 12.b4 Ne6 13.Nfe2 a5 14.Rb1 axb4 15.axb4 
Bf8 16.Bc2 Qb6 17.Kh1 g6 18.e4 dxe4 19.fxe4 Bg7 20.e5 Nd5 21.Ne4 Rd8 22.
Bb3 Nec7 23.Bg5 Rf8 24.Qe1 Bg4 25.Nf4 Qxd4 26.Bxd5 Nxd5 27.Nxd5 Qxd5 28.
Nf6+ Bxf6 29.Bxf6 Ra2 30.Qg3 h5 31.h3 Be6 1/2-1/2

[Event "14th Africa-ch"]
[Site "Livingstone ZAM"]
[Date "2018.05.14"]
[Round "3.4"]
[White "Hesham, Abdelrahman"]
[Black "Mabusela, Johannes Manyesi"]
[Result "1/2-1/2"]
[WhiteElo "2413"]
[BlackElo "2260"]
[EventDate "2018.05.13"]
[PlyCount "75"]

1.d4 Nf6 2.c4 e6 3.Nf3 b6 4.g3 Ba6 5.Qb3 d5 6.cxd5 Qxd5 7.Qc2 c5 8.Bg2 Bb7
9.Nc3 Qc6 10.e4 cxd4 11.Nxd4 Qc4 12.Be3 Be7 13.b3 Qc8 14.O-O O-O 15.e5 
Nfd7 16.Bxb7 Qxb7 17.f4 Na6 18.a3 Rac8 19.b4 Nc7 20.Qg2 Qxg2+ 21.Kxg2 Nb8 
22.Rfc1 f6 23.exf6 Bxf6 24.Ne4 Be7 25.Bf2 Kf7 26.Re1 h6 27.Nf3 Rfd8 28.
Ne5+ Kg8 29.Ng6 Kf7 30.Nxe7 Kxe7 31.Nc3 Kf7 32.Rad1 Nd7 33.Ne4 Ne8 34.a4 
Ndf6 35.Nxf6 Nxf6 36.a5 Nd5 37.axb6 axb6 38.b5 1/2-1/2

[Event "14th Africa-ch"]
[Site "Livingstone ZAM"]
[Date "2018.05.14"]
[Round "3.5"]
[White "Chitumbo, Mwali"]
[Black "Oussedik, Mahfoud"]
[Result "1-0"]
[WhiteElo "2322"]
[BlackElo "2327"]
[EventDate "2018.05.13"]
[PlyCount "84"]

1.c4 Nf6 2.g3 g6 3.Bg2 Bg7 4.Nc3 O-O 5.e4 d6 6.Nge2 c5 7.O-O Nc6 8.d3 a6 
9.h3 Rb8 10.a4 Nd4 11.Nxd4 cxd4 12.Ne2 Nd7 13.a5 b5 14.axb6 Qxb6 15.Ra2 
Nc5 16.b4 Qxb4 17.Rb2 Nb3 18.Bg5 f6 19.Nxd4 Qc3 20.Rxb3 Rxb3 21.Bd2 Qxd4 
22.Qxb3 Kh8 23.Be3 Qe5 24.d4 Qa5 25.c5 dxc5 26.dxc5 f5 27.exf5 gxf5 28.Rc1
e5 29.Qb6 Qa3 30.Bh6 e4 31.Bxg7+ Kxg7 32.Qc7+ Kg8 33.Rd1 Be6 34.Qe5 Re8 
35.Rd6 Qc1+ 36.Kh2 Qc4 37.c6 Kf7 38.g4 fxg4 39.hxg4 Qe2 40.Qf4+ Ke7 41.g5 
Qb2 42.c7 Rc8 1-0

[Event "14th Africa-ch"]
[Site "Livingstone ZAM"]
[Date "2018.05.14"]
[Round "3.6"]
[White "Khetho, Phemelo"]
[Black "Phiri, Richmond"]
[Result "1/2-1/2"]
[WhiteElo "2153"]
[BlackElo "2317"]
[EventDate "2018.05.13"]
[PlyCount "70"]

1.d4 Nf6 2.c3 g6 3.e3 Bg7 4.Bd3 d6 5.Nd2 c5 6.f4 Nc6 7.Ngf3 O-O 8.O-O cxd4
9.exd4 e5 10.dxe5 dxe5 11.fxe5 Qxd3 12.exf6 Bxf6 13.Nb3 Qxd1 14.Rxd1 Re8 
15.Kf2 Bg4 16.Bf4 Rad8 17.h3 Bc8 18.Bg5 Kg7 19.Bxf6+ Kxf6 20.Rxd8 Rxd8 21.
Nbd4 Nxd4 22.Nxd4 Be6 23.a3 a6 24.Re1 Bd5 25.Re2 h5 26.Rd2 Be6 27.Ke3 Ke7 
28.Kf4 Rd5 29.h4 Kf6 30.Nf3 Rxd2 31.Nxd2 Bd5 32.g3 Ke6 33.c4 Bc6 34.b4 f6 
35.Nb3 Bh1 1/2-1/2